| 000 | 01765nam a22002777a 4500 | ||
|---|---|---|---|
| 003 | OSt | ||
| 005 | 20240530110418.0 | ||
| 008 | 150309s2007 ua beoaf b 001 0 eng d | ||
| 020 | _a9789774160776 | ||
| 020 | _a9774160770 | ||
| 040 |
_aEG-CaGPL _cEG-CaGPL |
||
| 082 | 0 | 4 |
_221 _a726.2 _bCC/D C |
| 100 | 0 | _aDoris Behrens-Abouseif | |
| 245 | 1 | 0 |
_aCairo of the Mamluks : _bA history of the architecture and its culture / _cDoris Behrens-Abouseif |
| 260 |
_aCairo : _bThe American University in Cairo Press, _c.2007 |
||
| 300 |
_axix, 359 p. : _bill. (some col.), maps ; _c30 cm. |
||
| 504 | _aIncludes bibliographical references (p. 337-345) and index. | ||
| 505 | 0 | _aThe Mamluk Sultanate (1250-1517) -- Pious patronage -- Motivation and perception of monumental patronage -- The patronage of the civilian elite -- Ceremonial culture -- Treasures, status and style -- Construction : organization and cost -- The growth of the Metropolis -- The Metropolitan architectural style -- The evolution of Mamluk architecture in Cairo -- The successors of the Ayyubids -- The reign of al-Zahir Baybars -- From al-Mansur Qalawun to al-Nasir Muhammad -- The early period of al-Nasir Muhammad's reign -- Al-Nasir Muhammad's Third Reign and after -- The reign of al-Nasir Hasan and after -- The reign of al-Nasir Faraj Ibn Barquq -- The reign of al-Mu'ayyad Shaykh -- The reign of al-Ashraf Barsbay -- The reign of al-Zahir Jaqmaq -- The reign of al-Ashraf Inal -- The reign of al-Ashraf Qaytbay -- The reign of al-Ashraf Qansuh al-Ghawri. | |
| 650 | 0 |
_aIslamic architecture _zEgypt |
|
| 650 | 0 | _aIslamic architecture | |
| 650 | 0 |
_aArchitecture, Mameluke _zEgypt |
|
| 650 | 0 |
_aMosques _zEgypt |
|
| 650 | 0 |
_aTombs _zEgypt |
|
| 942 |
_2ddc _cBK |
||
| 999 |
_c60591 _d60591 |
||